000 00693nam a2200241Ia 4500
003 OSt
005 20220924125529.0
006 a|||||r|||| 00| 0
007 ta
008 220923b |||||||| |||| 00| 0 urd d
024 _a323158
037 _cTextual
040 _aARTS
_cARTS
_burd
041 _2urd
_aurd
082 _aV241,1y7N31, 168M4
100 _aSingh Karan Au.
_9198461
245 0 _aWali Ahad
260 _aSrinagar
_bGulshan publishers India
_c1984
650 _aINDIA - HISTORY
700 _a Sheda Ghulam Nabi Tr.
_9198462
942 _hV241,1y7N31, 168M4
_cTEXL
_2CC
999 _c422881
_d422881